| 000 | 007750000a22002290004500 | ||
|---|---|---|---|
| 020 | _a0-85111-867-4 | ||
| 041 | 0 | _aENG | |
| 082 | 0 | 4 | _aG 227.93 G7951s |
| 100 | 1 | _aGreen, Michael (1930-) | |
| 245 | 1 | 0 | _aThe second epistle general of Peter and the general epistle of Jude : An introduction and commentary / Michael Grenn |
| 250 | _a1 | ||
| 260 | _aLeicester, England : InterVarsity | ||
| 300 | _a192 Pag. | ||
| 440 | 0 | _aTyndale New Testament Commentaries | |
| 650 | 1 | 4 | _aBIBLIA N.T. - 2 PEDRO - COMENTARIOS \ BIBLIA N.T. - JUDAS - COMENTARIOS |
| 700 | 1 | _aRegistar, London College of Divinity, Northwood, Middlesex | |
| 001 | 3004 | ||
| 942 | _cBK | ||
| 999 |
_c33723 _d33723 |
||
| 336 |
_atexto _btxt _2rdacontent |
||
| 337 |
_2rdamedia _asin mediación _bn |
||
| 338 |
_2rdacarrier _avolumen _bnc |
||